| 000 | 00669nam a2200265Ia 4500 | ||
|---|---|---|---|
| 003 | GCL | ||
| 008 | 140319s9999 xx 000 0 eng d | ||
| 040 |
_aGCL / _cGCL |
||
| 082 | 0 | 4 |
_a150 _bA I |
| 100 | 1 | _aATKINSON, RITA L. | |
| 245 | 1 | 0 |
_aINTRODUCTION TO PSYOLOGY / _cATKINSON, RITA L. |
| 700 | 1 | _aATKINSON, RICHARD C. | |
| 700 | 1 | _aSMITH, EDWARD E. | |
| 700 | 1 | _aBEM, DARY L J. | |
| 260 |
_a[S.N] : _bHARCOURT BRACE COLLEGE PUBLISHERS. ، _c1993 |
||
| 300 | _a784 P | ||
| 650 | 0 | 4 | _aBEHAVIOUR |
| 650 | 0 | 4 | _aMOTIVATION |
| 650 | 0 | 4 | _aPSYOLOGY |
| 650 | 0 | 4 | _aSTRESS |
| 650 | 0 | 4 | _aPERSONALITY |
| 650 | 0 | 4 | _aMEMORY |
| 650 | 0 | 4 | _aEMOTIONS |
| 942 |
_2ddc _cBK |
||
| 999 |
_c13097 _d13097 |
||